000 00313nam a22001337a 4500
008 180914b xxu||||| |||| 00| 0 eng d
020 _a0881677418
041 _aeng
080 _a612.39
100 _a10
101 _aNUT
245 _aTrace Elements In Nutrition Of Cji;dren
_cRanjIt.K
942 _2udc
_cBK
999 _c47821
_d47821